000 00547nam a22001937i 4500
001 IT\ICCU\UM1\0037521
003 ItRI
005 20260115232326.0
008 000829s1976 it |||||| ||||| |||||c
040 _bita
_cimportazione bologna sebina
041 7 _aita
_2ISO-639-2
100 1 _aPrisco, Michele
_0IT\ICCU\CFIV\032816
_4aut
245 1 4 _aGli ermellini neri /
_cMichele Prisco.
250 _a2. ed
260 _aMilano :
_bRizzoli,
_c1976
300 _a278 p. ;
_c22 cm.
830 3 _aLa scala
_0IT\ICCU\CFI\0000061
942 _2ddc
_cBK
_n0
999 _c20627
_d20627